000 00453nam a2200181Ia 4500
001 16314
005 20260306170300.0
008 260306t2001||||xx |||||||||||||| ||und||
041 _aESP
082 _a348.2
_bD54
100 _aDelgado Reyes, Jaime
_eAUT
245 0 _aPatentes de invención, diseños y modelos industriales
260 _c2001
300 _a101 páginas :
_c23 cm.
650 _aGEN
654 _aCDE
942 _cLIB
_dJUS
_fJUS
_2ddc
_n
999 _c16314
_d16314